00940naa#a2200205#i#4500001001600000005001700016011001400033100004100047102000700088200018300095210005800278215001000336608004500346675012200391700004600513700005400559700005400613700005200667856001500719RU\\bibl\12058620260430032858.4##a2587-6740##a20260415b2026####ek#y0rusy0150####ca##aRU1#aОценка влияния экономических санкций на состояние аграрного бизнеса в РоссииeЖурнальная статья1#aМоскваcЭлектронная наукаd2026##a4 с.##aЖурнальная статья2local##aЭкономика сельского хозяйства. Продовольственный комплекс. 338.43#1aСпицынаgАнна Олеговна#1aТкачеваgНаталья Ильинична#1aКлименкоgПавел Алексеевич#1aСтекачевgВиктор Иванович4#aecience.ru